Определение и оценка достоверности данных об относительном рассеянии энергии (демпфирующей способности) металлов и сплавов: Методические указания. МИ 1699-87

Dades bibliogràfiques
Autor corporatiu: Всесоюзный научно-исследовательский центр по изучению свойств поверхности и вакуума (ВНИЦ ПВ)
Idioma:rus
Publicat: Москва, Изд-во стандартов, 1988
Edició:Изд. офиц.
Matèries:
Format: MixedMaterials Llibre
KOHA link:https://koha.lib.tpu.ru/cgi-bin/koha/opac-detail.pl?biblionumber=138998

MARC

LEADER 00000nam0a2200000 4500
001 138998
005 20231031141620.0
029 1 0 |a RU  |b 1699-87  |c МИ 
035 |a (RuTPU)RU\TPU\book\150602 
035 |a RU\TPU\book\150601 
090 |a 138998 
100 |a 20080601d1988 k a0rusy50 ca 
101 0 |a rus 
102 |a RU 
105 |a a l 000zy 
200 1 |a Определение и оценка достоверности данных об относительном рассеянии энергии (демпфирующей способности) металлов и сплавов  |e Методические указания. МИ 1699-87  |f Всесоюзный научно-исследовательский центр по изучению свойств поверхности и вакуума (ВНИЦ ПВ) 
205 |a Изд. офиц. 
210 |a Москва  |c Изд-во стандартов  |d 1988 
215 |a 13 с.  |c ил. 
229 |a Утверждены ВНИЦ 27 марта 1987 г. 
610 1 |a МИ 
610 1 |a методические указания 
610 1 |a определение 
610 1 |a оценка 
610 1 |a достоверность 
610 1 |a данные 
610 1 |a рассеяние 
610 1 |a энергия 
610 1 |a металлы 
610 1 |a сплавы 
610 1 |a демпфирующие способности 
675 |a 539(083)  |v 3 
712 0 2 |a Всесоюзный научно-исследовательский центр по изучению свойств поверхности и вакуума (ВНИЦ ПВ)  |2 stltpush  |3 (RuTPU)RU\TPU\col\12928 
801 1 |a RU  |b 63413507  |c 20080530  |g PSBO 
801 2 |a RU  |b 63413507  |c 20221207  |g PSBO 
942 |c BK